Top 5 Countries by Type of Meat Eaten - Statistics

General Stats
  • This quiz has been taken 178 times
  • The average score is 11 of 30
Answer Stats
Hint Amount Per Person Answer % Correct
Beef 37.08 kg United States
99%
Beef 37.05 kg Brazil
88%
Beef 54.16 kg Argentina
84%
Beef 35.70 kg Australia
81%
Pork 50.45 kg Germany
80%
Mutton & Goat 19.00 kg New Zealand
69%
Pork 53.62 kg Spain
68%
Pork 55.01 kg Poland
63%
Mutton & Goat 21.92 kg Iceland
52%
Seafood 90.71 kg Iceland
52%
Seafood 56.84 kg Portugal
50%
Mutton & Goat 50.74 kg Mongolia
39%
Other Meats 12.10 kg Mongolia
39%
Poultry 67.39 kg Israel
37%
Beef 31.65 kg Uruguay
30%
Pork 49.82 kg Hungary
29%
Seafood 57.62 kg Malaysia
28%
Other Meats 9.30 kg Republic of the Congo
25%
Pork 49.58 kg Croatia
18%
Poultry 64.47 kg Samoa
18%
Seafood 90.41 kg Maldives
16%
Mutton & Goat 16.76 kg Chad
14%
Seafood 76.69 kg Kiribati
14%
Other Meats 16.09 kg East Timor
9%
Other Meats 14.85 kg Gabon
9%
Mutton & Goat 25.90 kg Turkmenistan
8%
Other Meats 11.71 kg Botswana
6%
Poultry 56.69 kg Saint Lucia
5%
Poultry 55.77 kg St Kitts and Nevis
5%
Poultry 72.31 kg St. Vincent and the Grenadines
5%
No matching quizzes found
Score Distribution
Percent of People with Each Score
Percentile by Number Answered
Your Score History
You have not taken this quiz